Tocar los libros

Saved in:
Bibliografiske detaljer
Hovedforfatter: Marchamalo, Jesús (autor)
Format: Bog
Sprog:spansk
Udgivet: Valdivia Universidad Austral de Chile 2017
Udgivelse:1a. ed
Serier:Colección Biblioteca Luis Oyarzún
Fag:
Tags: Tilføj Tag
Ingen Tags, Vær først til at tagge denne postø!

MARC

LEADER 00000cam a2200000 a 4500
001 UCC5697
003 CL-VaPUC
008 181026e20170000cl |||||||||||||||||spa|d
020 |a 9789569412974 
082 0 4 |a 027.1  |b MAR  |2 21 
100 |a Marchamalo, Jesús  |e autor  |9 600028 
245 1 0 |a Tocar los libros 
250 |a 1a. ed 
300 |a 86 p 
942 |c BK 
945 |d 20181026 16:22:00  |a dcastane 
260 |a Valdivia  |b Universidad Austral de Chile  |c 2017 
650 0 |a Libros  |9 334511 
650 7 |a BIBLIOTECAS PRIVADAS  |2 CL-VaPUC  |9 484037 
583 |a last modification  |c 20181026 16:22:00  |k Rodrigo Vera 
490 0 |a Colección Biblioteca Luis Oyarzún 
999 |c 372826  |d 372824 
952 |0 0  |1 0  |3 erb  |4 0  |6 027_100000000000000_MAR_2017  |7 0  |8 A  |9 490681  |a BIBEDU  |b BIBEDU  |i 5509580  |o 027.1 MAR 2017  |p 5509580  |r 2019-11-24  |w 2019-11-24  |y BK  |z Catalogado en:20181026  |k LIT